Statistics for Name 5-Letter Words Beginning With Each Consonant/Vowel Combination

Click here to take the quiz!

General Stats

  • This quiz has been taken 244 times
  • The average score is 91 of 120

Answer Stats

ConsonantVowel# PossibleExampleWords% Correct
CA163cases
97%
BA158based
97%
BE125being
97%
HA135hands
96%
BI90birth
96%
DO143doing
96%
LA129large
96%
HE93heart
96%
LI108light
95%
FA98faith
95%
FI86first
94%
GA114games
94%
PA158party
94%
HI46hills
94%
MO159money
94%
ME102means
94%
MA185major
94%
FE80fever
94%
RA139range
94%
BO164books
94%
BU116built
94%
CO214could
94%
DA88daily
94%
LE94least
93%
QUA22quasi
93%
MI106might
93%
HO132house
93%
FO79found
93%
DI96diary
93%
DE131death
93%
RE180ready
92%
NA80names
92%
LO131local
92%
FU60fully
92%
SA159sales
92%
PE109peace
92%
TA158table
92%
WA111water
91%
QUE12queen
91%
JO43joint
91%
GI53given
91%
HU48human
91%
RO128round
91%
QUI22quite
91%
SE122sense
91%
RI76right
90%
PO145power
90%
NE65never
90%
GO96going
90%
SI99since
89%
MU93music
89%
TE103terms
89%
CU75curve
89%
PI107piece
89%
JA51james
89%
JE33jesus
89%
DU80dutch
89%
KI58kinds
89%
JU35judge
88%
SO129south
88%
CE40cells
88%
TI70times
88%
GE59genes
88%
LU61lunch
88%
RU65rules
88%
NO79north
88%
TO141total
87%
NI55night
87%
QUO11quote
86%
PU92pulse
86%
GU67guide
85%
WI75width
85%
SU68sugar
84%
WE58weeks
83%
VA50value
83%
KE57keeps
82%
VE52verse
82%
WO53would
82%
NU26nurse
81%
TU61turns
80%
VI73visit
79%
CI35civil
77%
JI27jimmy
76%
YE37years
75%
CY18cycle
75%
YA43yards
75%
VO39voice
75%
YO41young
73%
ZE14zeros
72%
HY22hymns
70%
KA78karma
69%
LY25lying
67%
DY8dying
64%
XE7xerox
60%
ZO31zones
57%
TY23types
57%
ZI24zilla
56%
YI13yield
55%
BY10bytes
55%
GY21gypsy
55%
PY20pygmy
53%
YU23yucca
49%
KO40kondo
47%
NY6nylon
43%
WU7wussy
36%
SY29synod
36%
ZA17zaire
36%
XY7xylem
36%
MY15myths
34%
KY18kyrie
23%
KU23kutch
23%
VY1vying
22%
VU8vulva
18%
ZU5zulus
16%
WY6wynns
9%
FY6fykes
9%
QUY1quyte
7%
RY8ryots
6%
XO1xoana
3%
ZY4zymes
3%

Score Distribution

Percentile by Number Answered

Percent of People with Each Score

Your Score History

You have not taken this quiz